Match Sheet : Man City 4-0 Real Madrid - Statistics

General Stats
  • This quiz has been taken 198 times
  • The average score is 20 of 22
Answers on the Map
Answers color-coded by a green-red scale on the quiz's map according to % correct below.
 
Answer Stats
Answer % Correct
Karim Benzema
99%
Erling Haaland
98%
Ederson
97%
Thibaut Courtois
97%
Kevin De Bruyne
96%
Luka Modrić
96%
Vinicius Júnior
96%
Dani Carvajal
95%
Toni Kroos
95%
Bernardo Silva
94%
Rodrygo
94%
Jack Grealish
90%
Rúben Dias
90%
Éder Militão
89%
Federico Valverde
88%
John Stones
87%
Rodri
87%
İlkay Gündoğan
85%
Kyle Walker
84%
Manuel Akanji
82%
David Alaba
79%
Eduardo Camavinga
64%
No matching quizzes found
Score Distribution
Percent of People with Each Score
Percentile by Number Answered
Your Score History
You have not taken this quiz